000 00770nam a22002537a 4500
005 2009080405165.0
008 090728t xxu||||| |||| 00| 0 pun d
010 _aPUN-7504
020 _c60.00
_a9788182992559
035 _aPN-6622
037 _bDBAD / PUB/Arsee Publishers
040 _adpl
_bPN
082 _a851
100 _937323
_aਬੰਦਾ ਬਲਵੰਤ
245 _aਸੁਗੰਧ ਸਮੀਰ /
_cਬੰਦਾ ਬਲਵੰਤ
246 _aSugandh Sameer
_bby Bandha Balwant
260 _aDelhi
_bArsee Publishers
_c2012
270 _bChandni Chonk
_aDelhi
_k23280657
_e110006
300 _a103ਪਂ;
_b22ਸੇਂਮੀ(ਸਜਿਲਦ)
650 _937324
650 _937325
700 _953424
942 _2ddc
_cPN
_h851
_mਬੰਦਾਬ
999 _c71973
_d71973